| 000 | 01152nam a2200361 a 4500 | ||
|---|---|---|---|
| 003 | AR-BaBNM | ||
| 005 | 20251128204417.0 | ||
| 008 | 082120s2002 ||||||||||||||000 | spa|| | ||
| 020 | _a950-25-1343-6 | ||
| 040 | _cAR-BaBNM | ||
| 100 | 1 | _aHeredia, Luis D. | |
| 245 | 0 | 0 |
_aDistancia cultural y lingüística _bel fracaso escolar en poblaciones rurales del oeste de la provincia de Córdoba |
| 260 |
_aBuenos Aires _bCentro Editor de América Latina _c1991 |
||
| 300 |
_a163 p. _bmapas, gráfs. |
||
| 490 | 0 | _aBibliotecas universitarias. Reforma educacional de Córdoba | |
| 504 | _aBibliografía: p. 161-163 | ||
| 650 | 4 | _aEDUCACION RURAL | |
| 650 | 4 | _aFAMILIA RURAL | |
| 650 | 4 | _aPOBLACION RURAL | |
| 650 | 4 | _aDOCENTES DE ESCUELAS RURALES | |
| 650 | 4 | _aENSEÑANZA DE LA LENGUA MATERNA | |
| 650 | 4 | _aANALFABETISMO | |
| 650 | 4 | _aDESERCION ESCOLAR | |
| 650 | 4 | _aANTROPOLOGIA CULTURAL Y SOCIAL | |
| 650 | 4 | _aANTROPOLOGIA DE LA EDUCACION | |
| 650 | 4 | _aLINGÜISTICA | |
| 650 | 4 | _aINVESTIGACION LINGÜISTICA | |
| 653 | _aLECTOESCRITURA | ||
| 653 | _aFRACASO ESCOLAR | ||
| 700 | 1 | _aBixio, Beatriz | |
| 942 | _cBK | ||
| 998 | _csilvi | ||
| 999 |
_c7349 _d7349 |
||